[Event "EU-chT U18"]
[Site "Rymanow Zdroj"]
[Date "2017.08.24"]
[Round "7.11"]
[White "Kosztyla, Mateusz"]
[Black "Van Malder, Dries"]
[Result "0-1"]
[WhiteElo "1266"]
[BlackElo "1916"]
[PlyCount "92"]
[EventDate "2017.08.17"]
[EventType "team-swiss"]
[EventRounds "7"]
[EventCountry "POL"]
[SourceTitle "CBM 180 Extra"]
[Source "ChessBase"]
[SourceDate "2017.10.06"]
[SourceVersion "1"]
[SourceVersionDate "2017.10.06"]
[SourceQuality "1"]
[WhiteTeam "Poland U18 V"]
[BlackTeam "Belgium U18"]
[WhiteTeamCountry "POL"]
[BlackTeamCountry "BEL"]

1. e4 c5 2. Nf3 d6 3. d4 cxd4 4. Nxd4 Nf6 5. Nc3 Nc6 6. Bg5 e6 7. Qd2 a6 8. 0-0-0 Bd7 9. f4 b5 10. Nxc6 Bxc6 11. e5 dxe5 12. Qxd8+ Rxd8 13. Rxd8+ Kxd8 14. fxe5 h6 15. Bxf6+ gxf6 16. exf6 Rg8 17. Bd3 Rxg2 18. Be4 Bxe4 19. Nxe4 Re2 20. Ng3 Rf2 21. Nh5 Rf5 22. Rd1+ Kc7 23. Ng3 Rxf6 24. Rd3 Rf2 25. Rd2 Rxd2 26. Kxd2 Bd6 27. Nf1 Bf4+ 28. Kd3 f5 29. h3 Kd6 30. a3 e5 31. c4 h5 32. b3 h4 33. cxb5 axb5 34. Kc3 Kc5 35. Kd3 Bc1 36. Kc2 Bf4 37. Kc3 e4 38. Kc2 Kd4 39. Kd1 Kc3 40. a4 bxa4 41. bxa4 Kb4 42. a5 Kxa5 43. Ke2 Kb4 44. Kd1 Kc3 45. Ke2 Kd4 46. Kf2 Kd3 0-1